Навчання діалогу-дискусії на старшому етапі у ліцеї (гуманітарний клас) (Запис № 282569)

МАРК-запис
000 -LEADER
fixed length control field 01472nam a22001577a 4500
041 ## - LANGUAGE CODE
Language code of text/sound track or separate title ukr
080 ## - UNIVERSAL DECIMAL CLASSIFICATION NUMBER
Universal Decimal Classification number 09
090 ## - LOCALLY ASSIGNED LC-TYPE CALL NUMBER (OCLC); LOCAL CALL NUMBER (OCLC)
Local cutter number (OCLC) ; Book number/undivided call number, CALL (RLIN) ЯРО
100 ## - MAIN ENTRY--PERSONAL NAME
Personal name Яровка О. В.
245 ## - TITLE STATEMENT
Title Навчання діалогу-дискусії на старшому етапі у ліцеї (гуманітарний клас)
260 ## - PUBLICATION, DISTRIBUTION, ETC. (IMPRINT)
Place of publication, distribution, etc Острог
Name of publisher, distributor, etc КАФ
Date of publication, distribution, etc 2004
300 ## - PHYSICAL DESCRIPTION
Extent 63
520 ## - SUMMARY, ETC.
Summary, etc Розділ 1. Психолінгвістичні та методичні аспекти навчання діалогу-дискусії на старшому етапі в ліцеї<br/>1.1. Загальна характеристика діалогу-дискусії<br/>1.2. Методика навчання діалогу-дискусії в ліцеї<br/>1.3. Викаристання науково-методичного комплексу "New Streetwise (Intermediate)" для навчання діалогу-дискусії в старших класах ліцею<br/>1.4. Оптимізація навчання діалогу-дискусії в ліцеї<br/>Розділ 2. Вправи для навчання діалогу-дискусії в старших класах ліцею<br/>2.1. Комплекс вправ навчання діалогу-дискусії<br/>2.2. Організація пробного навчання на старшому етапі в ліцеї
-- методика, діалог-дискусія, урок
650 ## - SUBJECT ADDED ENTRY--TOPICAL TERM
Topical term or geographic name as entry element Research Papers
942 ## - ADDED ENTRY ELEMENTS (KOHA)
Koha item type Книги
Фонди
Withdrawn status Lost status Source of classification or shelving scheme Damaged status Not for loan Home library Current library Date acquired Source of acquisition Coded location qualifier Cost, normal purchase price Total Checkouts Full call number Barcode Date last seen Price effective from Koha item type
    Universal Decimal Classification     ВІЛ - Відділ іноземн. літератури НБ ВІЛ - Відділ іноземн. літератури НБ 08/08/2005 Акт В12 1.00   09 210131 20/12/2021 16/12/2004 Книги